京急の接近メロディー - Statistics

General Stats
  • This quiz has been taken 17 times
  • The average score is 15 of 33
Answer Stats
ヒント Answer % Correct
品川 赤い電車
100%
羽田空港第1・第2ターミナル 赤い電車
100%
京急川崎 上を向いて歩こう
80%
パプリカ
80%
立会川 草競馬
70%
平和島 いい湯だな
70%
青物横丁 人生いろいろ
60%
上大岡 夏色
60%
追浜 熱き星たちよ
60%
浦賀 ゴジラのテーマ
60%
城ヶ島の雨
50%
Dragon Night
50%
京急蒲田 夢で逢えたら
40%
井土ヶ谷 さくら
40%
金沢八景
40%
横須賀中央 横須賀ストーリー
40%
羽田空港第3ターミナル 世界に一つだけの花
40%
京急久里浜 秋桜
40%
三浦海岸 岬めぐり
40%
三崎口 岬めぐり
40%
汎用 6つのレントラー舞曲
40%
ハッピーバースデートゥーユー
30%
逗子・葉山 LIFE
30%
金沢文庫 MY HOME TOWN
30%
RAINBOW
30%
R.Y.U.S.E.I.
30%
梅屋敷 さかさまの空
20%
生麦 若いってすばらしい
20%
横浜 ブルー・ライト・ヨコハマ
20%
堀ノ内 かもめが翔んだ日
20%
港町 港町十三番地
20%
川崎大師
20%
New York, New York
20%
No matching quizzes found
Score Distribution
Percent of People with Each Score
Percentile by Number Answered
Your Score History
You have not taken this quiz